00339nam a22001337a 4500003000400000008004100004020001800045082001500063100001300078245006500091250001100156260002900167300000900196OSt231230b |||||||| |||| 00| 0 eng d a9789355010674 a658.15 AHM aAHUJA,HL aManagerial Economics :Analysis of Managerial Decision Making a9th Ed aNew DelhibS.Chandc2023 a1141